Á lódáil...
The frog-development & structure /
| Príomhúdar: | |
|---|---|
| Formáid: | Printed Book |
| Teanga: | English |
| Foilsithe: |
Holt
c1959.
|
| Eagrán: | 4th ed. |
| LEADER | 00360nam a2200121Ia 4500 | ||
|---|---|---|---|
| 008 | 130611s9999 xx 000 0 eng d | ||
| 100 | |a Addison | ||
| 245 | |a The frog-development & structure / | ||
| 250 | |a 4th ed. | ||
| 260 | |b Holt |c c1959. | ||
| 942 | |c BK | ||
| 999 | |c 128371 |d 128371 | ||
| 952 | |0 0 |1 0 |4 0 |7 0 |9 141755 |a ZOO |b ZOO |c ST1 |d 2013-06-11 |l 0 |p ZOO1177 |r 2013-06-11 |w 2013-06-11 |y BK | ||